Large scale surveys in health and FW programmes in India: methodological issues (Record no. 477511)

000 -LEADER
fixed length control field 00477cam a22001457a 4500
008 - FIXED-LENGTH DATA ELEMENTS--GENERAL INFORMATION
fixed length control field 180718b1988 xxu||||| |||| 00| 0 eng d
082 ## - DEWEY DECIMAL CLASSIFICATION NUMBER
Classification number O97x54 Sa96
100 ## - MAIN ENTRY--PERSONAL NAME
Personal name Sawhney, N.
245 ## - TITLE STATEMENT
Title Large scale surveys in health and FW programmes in India: methodological issues
Statement of responsibility, etc. by N. Sawhney, Prem P. Talwar and B.D. Misra
260 ## - PUBLICATION, DISTRIBUTION, ETC.
Place of publication, distribution, etc. Lucknow
Name of publisher, distributor, etc. Populations Centre
Date of publication, distribution, etc. 1988
300 ## - PHYSICAL DESCRIPTION
Extent 190p.
650 ## - SUBJECT ADDED ENTRY--TOPICAL TERM
Topical term or geographic name entry element Birth Control - India
700 ## - ADDED ENTRY--PERSONAL NAME
Personal name Misra, B.D.
700 ## - ADDED ENTRY--PERSONAL NAME
Personal name Talwar, Prem P.
Holdings
Withdrawn status Lost status Damaged status Not for loan Permanent Location Current Location Date acquired Full call number Barcode Date last seen Price effective from Koha item type
        Indian Institute of Public Administration Indian Institute of Public Administration 2018-08-04 O97x54 Sa96 GR14484 2018-08-04 2018-08-04 GR
        Indian Institute of Public Administration Indian Institute of Public Administration 2018-08-04 O97x54 Sa96 GR12152 2018-08-04 2018-08-04 GR

Powered by Koha